| 000 | 01270nam a2200277 a 4500 | ||
|---|---|---|---|
| 008 | 120416s1976 ||||||||||||||||| || u | ||
| 020 | _a0256017735 | ||
| 050 | _aHD 31 Eff | ||
| 100 | _aJosefowitz, Natasha | ||
| 245 | 1 | 0 | _aEffective behavior in organizations : learning from the interplay of cases, concepts, and student experiences / |
| 250 | _a3rd ed. | ||
| 260 |
_aSussex: _bR. D. Irwin _c1976 |
||
| 300 | _axxi, 615 p. : ill. | ||
| 350 | _a0.00 | ||
| 490 | _aThe Irwin series in management and the behavioral sciences | ||
| 500 | _aIncludes bibliographies and index. | ||
| 650 | _aTEAMS IN THE WORKPLACE | ||
| 650 | _aBEHAVIOUR IN ORGANISATIONS | ||
| 650 | _aORGANIZATIONAL BEHAVIOUR | ||
| 650 | 0 | _aMANAGEMENT | |
| 650 | _aORGANIZATION | ||
| 700 | _aCohen, Allan R | ||
| 995 |
_aBINDERY (DAMAGED) _D0.00 _e729309 _FCBU-MAIN LIBRARY (Kitwe) _H1 _I28.95 _jHD 31 Eff _M2 _UDAMAGED _y021217 _ZMain Library Open Access Collection |
||
| 995 |
_aANNEX COLLECTION (Main Library) _D0.00 _e729232 _FCBU-MAIN LIBRARY (Kitwe) _H1 _I0.00 _jHD 31 EFF _M3 _UAVAILABLE _WApr 26, 2006 _y021266 _ZAnnex Low-Usage Collection |
||
| 995 |
_aMAIN LIBRARY OPEN ACCESS _D0.00 _e703901 _FCBU-MAIN LIBRARY (Kitwe) _H1 _I14.50 _jHD 31 Eff _M1 _UAVAILABLE _y026678 _ZMain Library Open Access Collection |
||
| 999 |
_c75759 _d75759 |
||